[Event "Niedersachsen-chT U14"]
[Site "Verden"]
[Date "2006.05.26"]
[Round "4.3"]
[White "Lienau, Henrik"]
[Black "Jung, Mark Alexander"]
[Result "0-1"]
[WhiteElo "1011"]
[BlackElo "1228"]
[PlyCount "105"]
[EventDate "2006.05.25"]
[EventType "team"]
[EventRounds "7"]
[EventCountry "GER"]
[SourceTitle "EXT 2007"]
[Source "ChessBase"]
[SourceDate "2006.11.23"]
[SourceVersion "1"]
[SourceVersionDate "2006.11.23"]
[SourceQuality "1"]

1. e4 c5 2. Nf3 e6 3. d4 cxd4 4. Nxd4 Nc6 5. Nc3 Bb4 6. Be3 Nf6 7. f3 0-0 8. g4 Bxc3+ 9. bxc3 d5 10. e5 Nxe5 11. h4 Nc6 12. g5 Nh5 13. f4 g6 14. Rg1 Qc7 15. Qd2 Bd7 16. Be2 Ng7 17. Rh1 Nxd4 18. cxd4 Nf5 19. c3 Rac8 20. Rc1 Ng3 21. Rh3 Ne4 22. Qd1 Qa5 23. Bd2 Ba4 24. c4 Bxd1 25. Bxa5 Bxe2 26. Kxe2 b6 27. Bb4 Rfd8 28. c5 Rd7 29. h5 Rdc7 30. hxg6 fxg6 31. Rch1 bxc5 32. dxc5 Rb7 33. Ba3 Nxc5 34. Bxc5 Rxc5 35. Kd3 Rc4 36. Re3 Re7 37. Rhe1 Rxf4 38. Rxe6 Rxe6 39. Rxe6 Ra4 40. Re5 Rxa2 41. Rxd5 Rf2 42. Rd8+ Rf8 43. Rd7 Rf7 44. Rd8+ Kg7 45. Ra8 h6 46. gxh6+ Kxh6 47. Rh8+ Rh7 48. Ra8 Kh5 49. Ke3 Rf7 50. Rh8+ Kg4 51. Ra8 Rf3+ 52. Kd4 g5 53. Rh8 0-1